United States Senate Committee Chairs - Statistics

General Stats
  • This quiz has been taken 65 times
    27 since last reset
  • The average score is 11 of 21
Answer Stats
Hint Answer % Correct
Budget Bernie Sanders
88%
Energy and Natural Resources Joe Manchin
88%
Judiciary Dick Durbin
82%
Approprations Patrick Leahy
65%
Banking, Housing, and Urban Affairs Sherrod Brown
65%
Rules and Administration Amy Klobuchar
59%
Foreign Relations Bob Menendez
59%
Veteran's Affairs Jon Tester
59%
Agriculture, Nutrition, and Forestry Debbie Stabenow
53%
Armed Services Jack Reed
53%
Intelligence Mark Warner
53%
Health, Education, Labor, and Pensions Patty Murray
53%
Homeland Security and Intergovernmental Affairs Gary Peters
47%
Commerce, Science, and Transportation Maria Cantwell
47%
Aging Bob Casey
41%
Finance Ron Wyden
41%
Environment and Public Works Tom Carper
35%
Small Business and Entrepreneurship Ben Cardin
29%
International Narcotics Control Diane Feinstein
29%
Ethics Chris Coons
24%
Indian Affairs Tom Udall
12%
No matching quizzes found
Score Distribution
Percent of People with Each Score
Percentile by Number Answered
Your Score History
You have not taken this quiz since the last reset